[Event "Maria Albulet Memorial 2018"]
[Site "Braila"]
[Date "2018.11.07"]
[Round "6"]
[White "Cosma, Elena-Luminita"]
[Black "Nistor, Valentina"]
[Result "1-0"]
[WhiteElo "2338"]
[BlackElo "1881"]
[Annotator "TA"]
[PlyCount "89"]
[EventDate "2018.11.03"]
[EventType "swiss"]
[EventCountry "ROU"]
[SourceTitle "playchess.com"]
[Source "ChessBase"]
[SourceQuality "1"]

{[%evp 16,89,35,29,43,53,49,35,50,35,52,48,53,50,72,15,68,25,27,28,33,45,27,0,0,0,81,35,64,38,40,39,125,62,135,128,186,180,202,175,169,72,220,206,202,145,291,267,441,256,281,256,512,512,783,755,900,821,806,810,809,808,900,529,804,770,754,634,906,690,684,676,841,735,1935,1436]} 1. d4 d5 2. c4 e6 3. Nf3 Nf6 4. g3 Be7 5. Bg2 O-O 6. O-O c5 7. cxd5 exd5 8. dxc5 Bxc5 9. a3 {LiveBook: 25 Games. D30: Queen's Gambit Declined: Systems without Nc3} a6 (9... Nc6 10. b4 Be7 11. Nc3 Be6 12. Bb2 Qd7 13. Rc1 Rfd8 14. Nb5 a5 15. bxa5 Rxa5 16. a4 Bh3 17. Ne5 Nxe5 18. Bxe5 Bxg2 19. Kxg2 Rda8 {1-0 (46) Wagner,D (2575)-Zvjaginsev,V (2660) Berlin 2015}) 10. b4 Bb6 11. Bb2 {White is slightly better.} Nc6 12. Nc3 Be6 13. Na4 Ba7 14. Rc1 Ne4 $146 ({Predecessor:} 14... Qe7 15. Nc5 Ne4 16. Nd3 Rac8 17. Rc2 Rfd8 18. Qa1 f6 19. Rfc1 Qd7 {½-½ (28) Biegel,T (2028)-Brauer,F (1897) Frankfurt 2011}) 15. Ne1 (15. Nd4 $16) 15... Qg5 ({Black should play} 15... Bg4 $11) 16. Nc5 Nxc5 17. bxc5 Rac8 18. Nd3 Rfd8 19. h4 Qe7 20. Qd2 Nb8 (20... d4 $11 {keeps the balance.}) 21. Bd4 Nd7 22. Qe3 (22. Qb4 $5 {[%cal Rb4b7]} Nf6 23. Bxf6 gxf6 24. e3 $16) 22... Re8 23. Rfd1 Qd8 ({Black should try} 23... Qf8 $14) 24. Qg5 $40 {[%mdl 128] White has some attack.} (24. Qd2 $16) 24... f6 (24... Qxg5 $14 25. hxg5 Bg4) 25. Qd2 Bb8 (25... Bf7 $16) 26. Qb2 $18 Re7 27. h5 h6 28. e3 (28. Nb4 $1 $18) 28... Bf7 {[#]} (28... Kh8 $16 {was called for.}) 29. Nb4 $1 {[%cal Rb4d5]} ({Not} 29. Qxb7 Nxc5 30. Qb1 Ne4 $14) 29... Ne5 30. Bxe5 Rxe5 (30... Bxe5 $16 31. Qb3 Kh8) 31. c6 b6 $2 {[#]} (31... Qb6 32. Qd4 Qxd4 33. exd4 Re7 34. Nxd5 Bxd5) 32. Nxa6 (32. Bxd5 $142 $1 {[%mdl 512]} Qe8 (32... Rxd5 33. Nxd5) 33. Bxf7+ Qxf7 34. Nxa6 Rxh5 35. Nxb8) 32... Bc7 33. Nb4 Rxh5 $2 {[#]} (33... Kh8 34. Bf3 Rg5) 34. Nxd5 $1 {[%mdl 512] White is clearly winning.} Bxd5 (34... Rxd5 $142 35. Bxd5 Bxd5) 35. Bxd5+ Kh8 36. Bf3 Qe8 37. Bxh5 Qxh5 38. Rd7 Qf3 39. Kh2 Be5 40. Qd2 Kh7 41. Rc2 Ra8 42. Qe2 Qxe2 43. Rxe2 Rxa3 44. f4 Ba1 45. Rc2 {Precision: White = 60%, Black = 26%.} 1-0

[Event "Maria Albulet Memorial 2018"]
[Site "Braila"]
[Date "2018.11.07"]
[Round "6"]
[White "Terbe, Zsuzsanna"]
[Black "Didiliuc, Dariana-Gabriela"]
[Result "1-0"]
[WhiteElo "2215"]
[BlackElo "1784"]
[Annotator "TA"]
[PlyCount "105"]
[EventDate "2018.11.03"]
[EventType "swiss"]
[EventCountry "ROU"]
[SourceTitle "playchess.com"]
[Source "ChessBase"]
[SourceQuality "1"]

{[%evp 10,105,6,-17,8,-10,10,0,10,0,12,9,16,14,20,0,0,0,13,0,79,84,85,63,95,64,75,63,97,44,45,31,31,0,2,0,42,34,64,72,103,81,66,-39,14,0,0,0,10,-20,14,9,22,14,24,-95,8,0,0,0,8,-105,0,0,36,28,158,145,147,142,306,299,299,297,299,291,384,249,962,787,3103,2924,3876,4516,29973,29973,5834,5491,29984,29985,29994,29990,29990,29991,29991,29992,29993,29988]} 1. d4 Nf6 2. Bf4 d5 3. e3 c5 4. c3 Nc6 5. Nf3 Qb6 6. Qc2 g6 {D02: 1 d4 d5 2 Nf3 sidelines, including 2...Nf6 3 g3 and 2...Nf6 3 Bf4} 7. Nbd2 Bg7 8. h3 O-O {The position is equal.} 9. Be2 Bf5 10. Qb3 c4 11. Qxb6 axb6 12. O-O b5 13. a3 Nd7 $146 ({Predecessor:} 13... h6 14. g4 {½-½ (31) Bistric,F (2400)-Marciano,D (2495) Makarska 1996}) 14. Nh4 Nb6 (14... Be6 $11) 15. Nxf5 gxf5 16. Rfe1 Nd7 {[%cal Bb6d7,Bd7f6,Bf6e4][%mdl 32]} 17. Rac1 Nf6 18. Bd1 Ne4 19. Nf3 (19. Nf1 $1 $16) 19... e6 20. Bc2 Ne7 21. Rcd1 Ng6 22. Bh2 Ra6 (22... b4 $5) 23. Nd2 Bh6 24. f3 Nf6 25. Kf2 f4 26. e4 (26. exf4 $14 Nxf4 27. Nf1) 26... Ne7 (26... Bg5 $15) 27. g3 fxg3+ 28. Bxg3 Nh5 29. Bh2 Nf4 30. Rg1+ Kh8 31. Bxf4 $1 Bxf4 32. Rg4 {[#]} (32. Nf1 $11 {remains equal.}) 32... Bh6 (32... Ng6 $1 $17 {Hoping for ...f5.} 33. e5 h5) 33. Rh4 $36 {[%mdl 2048] White fights for an advantage.} Bg5 34. Rg4 Bh6 35. e5 {[#]} (35. Nf1 $11 {keeps the balance.}) 35... Ng6 ({Better is} 35... b4 $1 $17 {[%cal Rb4c3] Threatens to win with ...bxc3.} 36. Rh4 (36. cxb4 c3 $17) 36... Bxd2 37. Rxd2 bxc3 38. Rxh7+ Kg8 39. bxc3 Rxa3) 36. Nf1 $11 Rg8 37. Ng3 Bf8 (37... Rf8 $11) 38. f4 {[%cal Bf3f4,Bf4f5,Bf5f6][%mdl 32]} Be7 39. f5 Nh4 $2 (39... exf5 $16 40. Nxf5 Re6) 40. f6 $18 Rxg4 41. hxg4 Bf8 42. Ne2 Bh6 43. Kg3 Bf8 $2 (43... Ng6 44. Bxg6 fxg6) 44. Kxh4 Bxa3 45. bxa3 Rxa3 46. Rb1 Ra5 47. Kg5 Kg8 48. Kh6 b6 49. Bxh7+ {White mates.} Kh8 50. Bc2 Kg8 51. g5 Kf8 52. g6 fxg6 53. Kxg6 {Precision: White = 39%, Black = 29%.} 1-0

[Event "Maria Albulet Memorial 2018"]
[Site "Braila"]
[Date "2018.11.07"]
[Round "6"]
[White "Petrenko, Svetlana"]
[Black "Mihailova, Alina"]
[Result "1-0"]
[WhiteElo "2130"]
[BlackElo "1790"]
[Annotator "TA"]
[PlyCount "87"]
[EventDate "2018.11.03"]
[EventType "swiss"]
[EventCountry "ROU"]
[SourceTitle "playchess.com"]
[Source "ChessBase"]
[SourceQuality "1"]

{[%evp 16,87,15,12,83,91,102,100,108,103,138,131,183,156,224,75,82,83,72,80,96,101,109,44,38,41,46,43,47,18,29,0,22,29,45,42,25,0,0,1,0,6,53,58,70,0,0,0,0,0,0,0,41,47,278,243,364,362,352,343,286,253,556,566,12838,12839,12834,12832,12840,12840,12841,12841,12844,12844]} 1. e4 e5 2. Nc3 Nf6 3. g3 Bc5 4. Bg2 Nc6 5. h3 a6 6. d3 {C26: Vienna Game: 2...Nf6, sidelines} d6 7. Nge2 Be6 8. Nd5 (8. f4 h6 9. f5 Bd7 10. b3 Nd4 11. Bb2 Bc6 12. Nxd4 Bxd4 13. Qe2 b5 14. Nd1 {1-0 (60) Nakamura,H (2774)-Topalov,V (2749) Saint Louis 2017}) 8... h6 9. O-O {LiveBook: 7 Games} g5 (9... O-O $11 {keeps the balance.}) 10. c3 $16 {aiming for d4.} Bxd5 11. exd5 Ne7 12. d4 exd4 13. Nxd4 $146 ({Predecessor:} 13. cxd4) 13... Qd7 (13... Nd7 $16 {might work better.} 14. f4 Ng6 15. Qe1+ Kf8 16. fxg5 hxg5) 14. c4 O-O-O {[#]} (14... a5 $16 15. Nb3 Bb6) 15. a3 (15. b4 $1 $18 {[%mdl 512] is more deadly.} Bb6 (15... Bxb4 16. Bb2) 16. Bb2) 15... Nf5 16. Nxf5 Qxf5 17. b4 Bb6 18. Bb2 Rhe8 19. Bd4 (19. Rc1 $16) 19... Bxd4 $14 20. Qxd4 {[#] Hoping for Qa7.} Kb8 21. a4 {[%cal Ba3a4,Ba4a5][%mdl 32]} Nd7 22. a5 Qe5 23. Qd2 Qe2 24. Qc3 Ne5 25. Rac1 Qd3 26. Rfd1 Qxc3 27. Rxc3 f5 28. c5 dxc5 29. bxc5 c6 30. d6 (30. Rb3 $14) 30... Nd7 $1 $11 31. Bf3 Re5 32. Rdc1 Rde8 33. Kf1 Nf6 34. Rb3 {And now Bxc6 would win.} Kc8 $2 ({Black should try} 34... Ne4 $14 35. Bxe4 fxe4) 35. Rcb1 $18 Rxc5 (35... Nd7 $142) 36. Rxb7 {Intending Rc7+ and mate.} Rb5 37. R1xb5 ({Not} 37. Bxc6 Rxb1+ 38. Rxb1 Re5 $16) 37... cxb5 {[%mdl 4096] Endgame KRB-KRN} 38. Rb6 Re6 $2 (38... Ne4 {is a better chance.} 39. Rxa6 Kd7) 39. Rxa6 {White is clearly winning.} Kd7 40. Bc6+ Kxd6 41. Bxb5+ Ke7 42. Rxe6+ Kxe6 43. a6 Nd5 44. Bc4 {Precision: White = 74%, Black = 27%.} 1-0

[Event "Maria Albulet Memorial 2018"]
[Site "Braila"]
[Date "2018.11.07"]
[Round "6"]
[White "Makropoulou, Marina"]
[Black "Babiy, Olga"]
[Result "1-0"]
[WhiteElo "2110"]
[BlackElo "2314"]
[Annotator "TA"]
[PlyCount "83"]
[EventDate "2018.11.03"]
[EventType "swiss"]
[EventCountry "ROU"]
[SourceTitle "playchess.com"]
[Source "ChessBase"]
[SourceQuality "1"]

{[%evp 19,83,68,117,52,93,86,68,43,40,37,73,67,63,73,98,62,114,97,98,72,118,110,110,70,60,0,0,-17,7,11,141,58,125,128,138,124,200,203,250,156,262,166,213,198,254,241,323,100,530,57,114,99,134,128,141,54,196,152,854,855,950,548,546,556,549,542]} 1. e4 c5 2. Nf3 e6 3. d4 cxd4 4. Nxd4 a6 5. Bd3 d6 6. O-O g6 {B42: Sizilianisch (Paulsen-Variante)} 7. Be3 Bg7 8. Qd2 (8. c4 Nf6 9. Nc3 O-O 10. Qd2 Nbd7 11. Rfd1 Ne5 12. Be2 Qc7 13. Rac1 Neg4 14. Bg5 d5 15. e5 Qxe5 16. Nf3 Qb8 17. h3 h6 {½-½ (59) Mastrovasilis,D (2607)-Kamsky,G (2756) Brasov 2011}) 8... Ne7 $146 ({Vorgänger:} 8... Nc6 9. c3 Ne5 10. Be2 Nf6 11. f3 O-O 12. Bh6 Qc7 13. Bxg7 Kxg7 14. Qe3 {1-0 (61) Sukandar,I (2372)-Bojkovic,N (2368) Khanty-Mansiysk 2010}) 9. c4 O-O 10. Nc3 {[%cal Bb1c3,Bc3a4,Ba4b6][%mdl 32]} Nd7 {LiveBook: 4 Partien} 11. Rac1 ({Günstiger ist} 11. Rfd1 $16) 11... Ne5 12. Be2 d5 13. c5 N5c6 14. exd5 exd5 {Droht stark ...Lxd4.} 15. Na4 Be6 16. Nb6 Rb8 17. b4 Ne5 (17... Bxd4 $14 18. Bxd4 Nxd4 19. Qxd4 Re8) 18. Rfd1 Nc8 19. f4 {Droht Sxc8 und aus.} Nxb6 20. cxb6 Nd7 21. f5 gxf5 22. Rf1 (22. Rc7 $14) 22... Nxb6 $11 23. Nxf5 Bxf5 24. Rxf5 {Und Lc5 würde nun gewinnen.} d4 {[#]} (24... Nc4 $1 $11 25. Bxc4 dxc4) 25. Bg5 (25. Bh6 $1 $16 Bxh6 26. Qxh6) 25... f6 (25... Qd6 $1 $14) 26. Bf4 $36 {[%mdl 2048] Weiss ist am Drücker.} Rc8 27. Rfc5 Rxc5 (27... f5 $16 {ist wohl besser.}) 28. bxc5 $18 ({Keinesfalls} 28. Rxc5 $6 Rf7 $14) 28... Nc8 29. Qb4 Qd7 (29... d3 $16) 30. Rb1 Qf5 31. Rf1 Re8 (31... d3 {ist eine bessere Verteidigung.}) 32. Bf3 Bf8 {[#]} 33. Qxb7 $2 (33. Qa4 $1 $18 {[%cal Ra4e8]} Re7 34. Qxd4) 33... Bxc5 $2 {[%mdl 8192]} (33... d3 $16 {ist zäher.}) 34. Bh6 $2 (34. g4 $18 d3+ 35. Kg2) 34... d3+ (34... Ne7 $14) 35. Kh1 $16 {[%csl Gh6][%cal Rb7g7]} Re7 36. Qxa6 {Und weiter mit g4 wäre nett.} Nd6 37. h3 (37. Qa8+ $16 Ne8 38. g4 (38. Bd5+ Kh8 $15)) 37... Qg6 (37... Kh8 $14) 38. Qa8+ Ne8 $2 (38... Qe8 $16) 39. Qd5+ $18 {Weiß steht klar auf Gewinn.} Rf7 40. Qxc5 Qxh6 41. Bd5 Qh5 42. Qc4 {Precision: Weiß = 32%, Schwarz = 22%.} 1-0

[Event "Maria Albulet Memorial 2018"]
[Site "Braila"]
[Date "2018.11.07"]
[Round "6"]
[White "Ciolacu, Alessia-Mihaela"]
[Black "Rakhmangulova, Anastasiya"]
[Result "1-0"]
[WhiteElo "1972"]
[BlackElo "2210"]
[Annotator "TA"]
[PlyCount "75"]
[EventDate "2018.11.03"]
[EventType "swiss"]
[EventCountry "ROU"]
[SourceTitle "playchess.com"]
[Source "ChessBase"]
[SourceQuality "1"]

{[%evp 18,75,52,52,81,49,68,69,93,61,65,63,59,49,54,72,59,62,45,50,53,41,56,56,62,39,120,117,89,58,61,12,109,102,108,110,100,91,95,62,29,27,74,-8,300,312,556,539,1014,1003,2500,2370,12819,12819,29987,29988,29988,29989,29989,29990]} 1. d4 c5 2. d5 Nf6 3. Nf3 g6 4. Nc3 Bg7 5. e4 d6 6. Bc4 {A43: Schmid Benoni} (6. Bb5+ Bd7 7. a4 Na6 8. O-O Nc7 9. h3 Nxb5 10. axb5 O-O 11. e5 dxe5 12. Nxe5 Bf5 13. Re1 Ne8 14. Bf4 Nd6 15. Qe2 Re8 {½-½ (51) Aronian,L (2799)-Matlakov,M (2728) Tbilisi 2017}) 6... Bg4 7. h3 Bxf3 8. Qxf3 Nbd7 9. Qd1 O-O 10. O-O {LiveBook: 17 Games} Ne8 11. Re1 Nc7 12. a4 b6 13. Bg5 a6 14. f4 Rb8 15. e5 $146 ({Predecessor:} 15. Qd3) 15... f6 16. exd6 exd6 17. Bh4 b5 18. axb5 axb5 19. Be2 $36 {[%mdl 2048] White has some pressure.} g5 20. fxg5 fxg5 21. Bg3 Be5 (21... Nf6 $14) 22. Bxe5 $16 Nxe5 23. Ra7 Rf4 24. Bd3 {[#] Black must now prevent Rxe5!} Ra8 (24... c4 $1 $11 25. Bxh7+ Kxh7) 25. Rxa8 Nxa8 26. Qh5 ({Of course not} 26. Bxb5 $6 Nc7 $14) 26... Rh4 27. Qe2 Nc7 28. Bxb5 g4 29. Qf2 {next Qg3 is good for White.} gxh3 30. Bf1 (30. Qg3+ $16 Kh8 31. Rxe5 (31. gxh3 $2 Nxb5 32. Nxb5 Rh6 $19) 31... dxe5 32. Qxe5+ Kg8 33. Bd3) 30... Ng4 $2 {[%mdl 8192]} (30... hxg2 $11 31. Bxg2 Rg4) 31. Qg3 $18 h2+ $2 (31... Kh8 {is a better defense.} 32. gxh3 Ne5 33. Rxe5 dxe5) 32. Kh1 Qf6 {[#] ( -> ...Qf2)} 33. Ne4 $1 {[%cal Re4f6]} Qh6 34. Be2 Nxd5 35. Bxg4 {White wants to mate with Be6+.} Kh8 36. Nxd6 {White mates.} Rxg4 37. Re8+ Kg7 38. Qxg4+ {Precision: White = 61%, Black = 31%.} 1-0

[Event "Maria Albulet Memorial 2018"]
[Site "Braila"]
[Date "2018.11.07"]
[Round "6"]
[White "Otetea, Ioana"]
[Black "Uzuneanu, Gabriela"]
[Result "1-0"]
[WhiteElo "1602"]
[BlackElo "1571"]
[Annotator "NA RC"]
[PlyCount "119"]
[EventDate "2018.11.03"]
[EventType "swiss"]
[EventCountry "ROU"]
[SourceTitle "playchess.com"]
[Source "ChessBase"]
[SourceQuality "1"]
[TimeControl "40/5400+30:900+30"]

1. e4 {[%emt 0:00:00]} e5 {[%emt 0:00:00]} 2. Nc3 {[%emt 0:00:00]} Nc6 {[%emt 0:00:00]} 3. Bc4 {[%emt 0:00:00]} Nf6 {[%emt 0:00:11]} 4. d3 {[%emt 0:00:00]} h6 {[%emt 0:01:05]} 5. Nge2 {[%emt 0:01:04]} Bc5 {[%emt 0:01:48]} 6. O-O {[%emt 0:01:16]} d6 {[%emt 0:00:13]} 7. h3 {[%emt 0:02:22]} Be6 {[%emt 0:02:52]} 8. Bb3 {[%emt 0:08:17]} O-O {[%emt 0:00:11]} 9. Ng3 {[%emt 0:01:43]} Qd7 {[%emt 0:04:59]} 10. Kh2 {[%emt 0:02:34]} Nh7 {[%emt 0:25:33]} 11. f4 {[%emt 0:07:13]} Bxb3 {[%emt 0:01:09]} 12. axb3 {[%emt 0:00:19]} exf4 {[%emt 0:03:36]} 13. Bxf4 {[%emt 0:00:14]} Ne7 {[%emt 0:00:08]} 14. d4 {[%emt 0:06:16]} Bb6 {[%emt 0:00:21]} 15. Be3 {[%emt 0:01:40]} Rad8 {[%emt 0:02:40]} 16. Qf3 {[%emt 0:02:32]} a6 {[%emt 0:07:47]} 17. Nh5 {[%emt 0:05:40]} Ng6 {[%emt 0:03:04]} 18. Nd5 {[%emt 0:01:32]} f6 {[%emt 0:02:51]} 19. Qg3 {[%emt 0:02:46]} Qe8 {[%emt 0:00:10]} 20. Ndf4 {[%emt 0:04:58]} Ng5 {[%emt 0:02:05]} 21. h4 {[%emt 0:02:10]} Nxf4 {[%emt 0:00:17]} 22. Nxf4 {[%emt 0:11:27]} Nxe4 {[%emt 0:00:12]} 23. Qh3 {[%emt 0:01:42]} f5 {[%emt 0:03:09]} 24. Nd5 {[%emt 0:06:43]} Qd7 {[%emt 0:05:50]} 25. Rxf5 {[%emt 0:04:17]} Rxf5 {[%emt 0:02:52]} 26. Qxf5 {[%emt 0:00:11]} Qxf5 {[%emt 0:00:33]} 27. Ne7+ {[%emt 0:00:07]} Kh7 {[%emt 0:01:17]} 28. Nxf5 {[%emt 0:00:08]} Re8 {[%emt 0:00:54]} 29. c3 {[%emt 0:05:04]} g6 {[%emt 0:00:09]} 30. Nxh6 {[%emt 0:01:27]} Nxc3 {[%emt 0:00:17]} 31. Ng4 {[%emt 0:00:27]} Nd5 {[%emt 0:00:23]} 32. Bg1 {[%emt 0:02:44]} Re4 {[%emt 0:02:30]} 33. Kg3 {[%emt 0:03:36]} Kg7 {[%emt 0:01:03]} 34. Rd1 {[%emt 0:01:26]} Re2 {[%emt 0:00:10]} 35. Kf3 {[%emt 0:02:36]} Rxb2 {[%emt 0:00:14]} 36. Rd3 {[%emt 0:03:00]} Ne7 {[%emt 0:04:04]} 37. g3 {[%emt 0:01:30]} Nc6 {[%emt 0:00:31]} 38. Ke4 {[%emt 0:04:44]} Na5 {[%emt 0:00:05]} 39. b4 {[%emt 0:00:34]} Rxb4 {[%emt 0:00:06]} 40. Rf3 {[%emt 0:00:00]} Rb3 {[%emt 0:00:00]} 41. Be3 {[%emt 0:01:34]} d5+ {[%emt 0:05:55]} 42. Kxd5 {[%emt 0:02:07]} Rb5+ {[%emt 0:02:15]} 43. Ke6 {[%emt 0:00:15]} Rf5 {[%emt 0:00:28]} 44. Rxf5 {[%emt 0:01:44]} gxf5 {[%emt 0:00:05]} 45. Kxf5 {[%emt 0:00:15]} Nc6 {[%emt 0:00:09]} 46. d5 {[%emt 0:04:26]} Ne7+ {[%emt 0:02:18]} 47. Ke6 {[%emt 0:00:20]} Bxe3 {[%emt 0:00:07]} 48. Nxe3 {[%emt 0:00:13]} Ng6 {[%emt 0:04:34]} 49. Kd7 {[%emt 0:03:10]} b5 {[%emt 0:01:28]} 50. Kxc7 {[%emt 0:00:15]} b4 {[%emt 0:00:15]} 51. d6 {[%emt 0:01:11]} Ne5 {[%emt 0:00:17]} 52. Nc4 {[%emt 0:04:06]} b3 {[%emt 0:01:00]} 53. Nb2 {[%emt 0:01:13]} a5 {[%emt 0:00:12]} 54. d7 {[%emt 0:00:05]} Nxd7 {[%emt 0:00:13]} 55. Kxd7 {[%emt 0:00:05]} Kg6 {[%emt 0:00:17]} 56. Kc6 {[%emt 0:00:18]} a4 {[%emt 0:00:23]} 57. Nxa4 {[%emt 0:00:08]} Kf5 {[%emt 0:00:07]} 58. Kd5 {[%emt 0:00:07]} Kg4 {[%emt 0:00:05]} 59. Kc4 {[%emt 0:00:06]} Kxg3 {[%emt 0:00:06]} 60. h5 {[%emt 0:00:05]} 1-0

[Event "Maria Albulet Memorial 2018"]
[Site "Braila"]
[Date "2018.11.07"]
[Round "6"]
[White "Maria, Lia-Alexandra"]
[Black "Hrib, Andrada-Ioana"]
[Result "0-1"]
[WhiteElo "1479"]
[BlackElo "1770"]
[Annotator "NA RC"]
[PlyCount "148"]
[EventDate "2018.11.03"]
[EventType "swiss"]
[EventCountry "ROU"]
[SourceTitle "playchess.com"]
[Source "ChessBase"]
[SourceQuality "1"]
[TimeControl "40/5400+30:900+30"]

1. d4 {[%emt 0:00:00]} d5 {[%emt 0:00:00]} 2. c4 {[%emt 0:00:00]} e6 {[%emt 0:00:00]} 3. Nf3 {[%emt 0:00:12]} Nf6 {[%emt 0:00:00]} 4. Nc3 {[%emt 0:00:14]} Be7 {[%emt 0:00:00]} 5. Bf4 {[%emt 0:00:29]} O-O {[%emt 0:00:00]} 6. e3 {[%emt 0:00:16]} c5 {[%emt 0:05:44]} 7. Be2 {[%emt 0:01:36]} a6 {[%emt 0:02:46]} 8. dxc5 {[%emt 0:01:10]} Bxc5 {[%emt 0:00:04]} 9. cxd5 {[%emt 0:00:52]} Nxd5 {[%emt 0:03:09]} 10. Nxd5 {[%emt 0:00:22]} exd5 {[%emt 0:00:02]} 11. O-O {[%emt 0:00:12]} Nc6 {[%emt 0:04:59]} 12. Rc1 {[%emt 0:02:49]} Ba7 {[%emt 0:01:58]} 13. Ne5 {[%emt 0:11:49]} Ne7 {[%emt 0:08:49]} 14. Nf3 {[%emt 0:03:03]} Bf5 {[%emt 0:16:22]} 15. Nd4 {[%emt 0:03:31]} Be4 {[%emt 0:02:32]} 16. Bc7 {[%emt 0:09:58]} Qe8 {[%emt 0:05:45]} 17. Bd6 {[%emt 0:04:05]} Qd7 {[%emt 0:00:52]} 18. Bg3 {[%emt 0:01:09]} Bb8 {[%emt 0:06:14]} 19. Bxb8 {[%emt 0:02:33]} Raxb8 {[%emt 0:00:11]} 20. Bg4 {[%emt 0:01:35]} Qd6 {[%emt 0:00:11]} 21. Qe2 {[%emt 0:06:14]} Qg6 {[%emt 0:19:21]} 22. Rfd1 {[%emt 0:04:54]} Qb6 {[%emt 0:13:17]} 23. Nb3 {[%emt 0:04:44]} Rfd8 {[%emt 0:02:04]} 24. Nc5 {[%emt 0:03:52]} Bf5 {[%emt 0:00:34]} 25. Bf3 {[%emt 0:01:35]} Rbc8 {[%emt 0:02:18]} 26. Nb3 {[%emt 0:01:23]} Rxc1 {[%emt 0:02:34]} 27. Rxc1 {[%emt 0:00:22]} Nc6 {[%emt 0:00:38]} 28. Nc5 {[%emt 0:03:02]} h6 {[%emt 0:00:44]} 29. b3 {[%emt 0:01:10]} Ne5 {[%emt 0:01:34]} 30. a3 {[%emt 0:02:19]} a5 {[%emt 0:00:47]} 31. g4 {[%emt 0:01:16]} Bg6 {[%emt 0:01:10]} 32. Bg2 {[%emt 0:00:40]} Rc8 {[%emt 0:00:35]} 33. Nd3 {[%emt 0:00:47]} Rxc1+ {[%emt 0:00:05]} 34. Nxc1 {[%emt 0:00:08]} Qc5 {[%emt 0:00:17]} 35. Qd1 {[%emt 0:01:24]} Qxa3 {[%emt 0:01:10]} 36. Bxd5 {[%emt 0:01:06]} b5 {[%emt 0:00:35]} 37. h3 {[%emt 0:00:51]} Qc5 {[%emt 0:00:31]} 38. Bg2 {[%emt 0:00:38]} f5 {[%emt 0:00:32]} 39. gxf5 {[%emt 0:02:01]} Bxf5 {[%emt 0:00:06]} 40. Ne2 {[%emt 0:00:00]} Kh7 {[%emt 0:00:00]} 41. Ng3 {[%emt 0:01:41]} Bg6 {[%emt 0:03:58]} 42. h4 {[%emt 0:04:52]} Bc2 {[%emt 0:03:51]} 43. Qd8 {[%emt 0:04:54]} Ng4 {[%emt 0:04:08]} 44. Qd7 {[%emt 0:02:45]} Nf6 {[%emt 0:00:27]} 45. Qd2 {[%emt 0:02:46]} a4 {[%emt 0:03:05]} 46. bxa4 {[%emt 0:02:23]} bxa4 {[%emt 0:00:07]} 47. Ne2 {[%emt 0:00:36]} Bg6 {[%emt 0:01:15]} 48. Nc3 {[%emt 0:01:04]} a3 {[%emt 0:00:15]} 49. Na2 {[%emt 0:00:44]} Ne4 {[%emt 0:00:48]} 50. Qe2 {[%emt 0:01:46]} Nc3 {[%emt 0:01:31]} 51. Qd2 {[%emt 0:01:05]} Nxa2 {[%emt 0:00:08]} 52. Qxa2 {[%emt 0:00:06]} Qc1+ {[%emt 0:00:05]} 53. Kh2 {[%emt 0:00:39]} Qb2 {[%emt 0:00:26]} 54. Bd5 {[%emt 0:00:25]} Bb1 {[%emt 0:02:17]} 55. Qxb2 {[%emt 0:00:13]} axb2 {[%emt 0:00:04]} 56. Kg3 {[%emt 0:00:44]} Bc2 {[%emt 0:00:23]} 57. Ba2 {[%emt 0:00:08]} b1=Q {[%emt 0:00:02]} 58. Bxb1 {[%emt 0:00:08]} Bxb1 {[%emt 0:00:01]} 59. Kf4 {[%emt 0:00:50]} Kg6 {[%emt 0:00:29]} 60. f3 {[%emt 0:00:39]} Kf6 {[%emt 0:00:39]} 61. e4 {[%emt 0:01:54]} Bc2 {[%emt 0:01:02]} 62. Kg4 {[%emt 0:01:11]} Ke5 {[%emt 0:01:20]} 63. Kh5 {[%emt 0:00:30]} Kf6 {[%emt 0:00:06]} 64. Kg4 {[%emt 0:00:09]} Ke5 {[%emt 0:00:01]} 65. Kh5 {[%emt 0:00:09]} Bd1 {[%emt 0:00:51]} 66. Kg4 {[%emt 0:01:18]} Be2 {[%emt 0:00:56]} 67. h5 {[%emt 0:00:37]} Bd1 {[%emt 0:00:21]} 68. Kg3 {[%emt 0:00:25]} Ba4 {[%emt 0:00:13]} 69. Kh4 {[%emt 0:01:55]} Kf4 {[%emt 0:00:08]} 70. Kh3 {[%emt 0:00:33]} Be8 {[%emt 0:00:07]} 71. e5 {[%emt 0:00:11]} Kxe5 {[%emt 0:00:09]} 72. Kg4 {[%emt 0:00:09]} Bd7+ {[%emt 0:01:05]} 73. Kh4 {[%emt 0:00:28]} Kf5 {[%emt 0:00:17]} 74. f4 {[%emt 0:00:12]} Be8 {[%emt 0:00:07]} 0-1